<?xml version="1.0" encoding="UTF-8"?><?xml-stylesheet type="text/xsl" href="static/style.xsl"?><OAI-PMH xmlns="http://www.openarchives.org/OAI/2.0/" xmlns:xsi="http://www.w3.org/2001/XMLSchema-instance" xsi:schemaLocation="http://www.openarchives.org/OAI/2.0/ http://www.openarchives.org/OAI/2.0/OAI-PMH.xsd"><responseDate>2026-04-17T06:26:33Z</responseDate><request verb="GetRecord" identifier="oai:www.recercat.cat:2117/173924" metadataPrefix="marc">https://recercat.cat/oai/request</request><GetRecord><record><header><identifier>oai:recercat.cat:2117/173924</identifier><datestamp>2025-07-23T05:47:02Z</datestamp><setSpec>com_2072_1033</setSpec><setSpec>col_2072_452951</setSpec></header><metadata><record xmlns="http://www.loc.gov/MARC21/slim" xmlns:dcterms="http://purl.org/dc/terms/" xmlns:xsi="http://www.w3.org/2001/XMLSchema-instance" xmlns:doc="http://www.lyncode.com/xoai" xsi:schemaLocation="http://www.loc.gov/MARC21/slim http://www.loc.gov/standards/marcxml/schema/MARC21slim.xsd">
   <leader>00925njm 22002777a 4500</leader>
   <datafield ind2=" " ind1=" " tag="042">
      <subfield code="a">dc</subfield>
   </datafield>
   <datafield ind2=" " ind1=" " tag="720">
      <subfield code="a">Comas Fages, Ferran</subfield>
      <subfield code="e">author</subfield>
   </datafield>
   <datafield ind2=" " ind1=" " tag="260">
      <subfield code="c">2019-01-29</subfield>
   </datafield>
   <datafield ind2=" " ind1=" " tag="520">
      <subfield code="a">Amb la realització d'aquest projecte com a Treball de Final de Grau es busca desenvolupar un sistema&#xd;
d'adquisició de dades per al laboratori d'Enginyeria Química, mitjançant un conjunt de hardwares&#xd;
funcionals però no utilitzats per manca d'actualització del software. Aquests hardwares consisteixen&#xd;
en quatre sondes de temperatura sense fil que es comuniquen mitjançant el protocol ZigBee a un&#xd;
receptor, i a la vegada aquest es comunica per Ethernet.&#xd;
A l'hora de desenvolupar el sistema d'adquisició de dades s'ha decidit implementar dues solucions&#xd;
complementàries. Una solució consisteix en un sistema simple i robust per a la visualització remota de&#xd;
dades a partir d'un software, el qual pot generar un fitxer estandarditzat de lectura; aquesta és la&#xd;
solució anomenada comunicació orientada a l'usuari. L'altra solució consisteix en el processament&#xd;
automàtic de les dades mitjançant comunicació OPC UA per a possibles millores en el futur; aquesta&#xd;
és la solució anomenada comunicació orientada a màquina.&#xd;
S'ha decidit implementar la tecnologia OPC UA en aquest projecte perquè és un protocol de&#xd;
comunicació revolucionari i independent del fabricant i del sistema operatiu. Està dissenyat per&#xd;
comunicar-se de forma segura i operativa entre aplicacions, tant en la indústria de l'automatització&#xd;
com en altres sectors.&#xd;
Finalment s'ha procedit a la implementació del sistema, a la seva validació i s'ha preparat un manual&#xd;
d'usuari perquè l'alumnat d'Enginyeria Química, o qualsevol persona amb pocs coneixements&#xd;
d’electrònica pugui fer la posada en marxa del sistema d'adquisició de dades, i a més a més, poder&#xd;
configurar-lo o reparar-lo si és el cas.</subfield>
   </datafield>
   <datafield tag="653" ind2=" " ind1=" ">
      <subfield code="a">Àrees temàtiques de la UPC::Enginyeria electrònica</subfield>
   </datafield>
   <datafield tag="653" ind2=" " ind1=" ">
      <subfield code="a">Chemical engineering</subfield>
   </datafield>
   <datafield tag="653" ind2=" " ind1=" ">
      <subfield code="a">Digitalització</subfield>
   </datafield>
   <datafield tag="653" ind2=" " ind1=" ">
      <subfield code="a">Visualització</subfield>
   </datafield>
   <datafield tag="653" ind2=" " ind1=" ">
      <subfield code="a">Automatització</subfield>
   </datafield>
   <datafield tag="653" ind2=" " ind1=" ">
      <subfield code="a">Remot</subfield>
   </datafield>
   <datafield tag="653" ind2=" " ind1=" ">
      <subfield code="a">OPC</subfield>
   </datafield>
   <datafield tag="653" ind2=" " ind1=" ">
      <subfield code="a">Ethernet</subfield>
   </datafield>
   <datafield tag="653" ind2=" " ind1=" ">
      <subfield code="a">Enginyeria química</subfield>
   </datafield>
   <datafield tag="653" ind2=" " ind1=" ">
      <subfield code="a">Adquisició de dades</subfield>
   </datafield>
   <datafield ind2="0" ind1="0" tag="245">
      <subfield code="a">Desenvolupament d’un sistema OPC per a la supervisió i diagnosi remota d’un sistema d’instrumentació wireless</subfield>
   </datafield>
</record></metadata></record></GetRecord></OAI-PMH>